000 00470nam a2200181Ia 4500
005 20250317130533.0
008 008 250317s9999 xx 000 0 eng d
037 _aTextbook
040 _aFMSL
_beng
_cFMSL
041 _aeng
_2eng
084 _qFMSL
100 _aHannah Leslie
245 0 _aManagement strategy and business development
260 _aMcGgraw
_bMcGgraw
_c1976
300 _a267p
942 _cTB
999 _c1264197
_d1264197